Manažérstvo rizika v procesoch ochrany životného prostredia v slovenských elektrárňach

Požiadavky systému environmentálneho manažérstva v spoločnosti Slovenské elektrárne. Integrovaný prístup a podmienky na začlenenie rizík do procesného modelu ochrany životného prostredia.

Salvato in:
Dettagli Bibliografici
Autore principale: Mistrík, Miloslav
Natura: Capitolo di libro
Lingua:slovacco
Soggetti:
Tags: Aggiungi Tag
Nessun Tag, puoi essere il primo ad aggiungerne!!

MARC

LEADER 00000naa a2200000 4500
001 0160902
005 20231012072018.0
041 0 |a slo 
044 |a SK 
245 1 0 |a Manažérstvo rizika v procesoch ochrany životného prostredia v slovenských elektrárňach  |c Miloslav Mistrík 
520 |a Požiadavky systému environmentálneho manažérstva v spoločnosti Slovenské elektrárne. Integrovaný prístup a podmienky na začlenenie rizík do procesného modelu ochrany životného prostredia. 
610 2 0 |a manažéri 
610 2 0 |a manažment environmentálny 
610 2 0 |a systém riadenia kvality 
610 2 0 |a riadenie kvality 
610 2 0 |a normy kvality 
610 2 0 |a normy ISO 
610 2 0 |a prostredie životné 
100 1 |a Mistrík, Miloslav